000 00549nam a2200229Ia 4500
003 OSt
005 20221005133130.0
006 a|||||r|||| 00| 0
007 ta
008 221004b |||||||| |||| 00| 0 mal d
024 _a54652
037 _cTextual
040 _aCRL
_cCRL
_bmal
041 _2mal
_amal
082 _aO32:g, K11
245 0 _aVimarsanam malayalathil
260 _c1961
300 _a137p.
_ccm.
650 _aMALAYALAM LITERATURE
_938866
942 _hO32:g, K11
_cTEXL
_2cc
999 _c1065820
_d1065820